Red Wine Supernova - Chappell Roan (All Lyrics) - Statistics

General Stats
  • This quiz has been taken 972 times
  • The average score is 233 of 282
Answer Stats
Answer % Correct
a
98%
I
98%
(I
98%
you
97%
You
97%
in
96%
me
96%
Red
95%
supernova
95%
wine
95%
right
93%
right)
93%
to
93%
don't
92%
(don't
92%
it
92%
my
91%
Baby
90%
baby
90%
come
90%
why
90%
and
89%
And
89%
know
89%
over?
89%
the
89%
get
88%
that
88%
into
87%
So
87%
you're
87%
Fall
86%
fall
86%
want
86%
did
85%
like
85%
like)
85%
care
84%
it's
84%
just
84%
of
84%
She
84%
didn't
83%
make
83%
was
83%
(no
82%
stoner
82%
on
80%
there
80%
bed
79%
got
79%
her
79%
things
78%
wanna
78%
let's
77%
Let's
77%
Playboy
77%
side
77%
neck
76%
out
76%
rabbit
76%
down
75%
teeth
75%
ya
75%
Put
74%
showed
74%
think
74%
this
74%
wand
74%
we're
74%
canine
73%
cool)
73%
freaky
73%
I'm
73%
I've
73%
king
73%
for
72%
hair
72%
maybe
72%
really
72%
twin
72%
worry
72%
back
71%
boots
71%
California
71%
'cause
71%
falling
71%
Falling
71%
fuck
71%
Long
71%
magic
71%
That's
71%
(That's
71%
through
71%
What
71%
(What
71%
with
71%
bra)
70%
Mini
70%
move
70%
skirt
70%
type
70%
will
70%
go-go
69%
heard
69%
told
69%
waiting
69%
deck
68%
love
68%
thought
68%
house
67%
kinky
67%
Now
67%
squeaky
67%
at
66%
quite
66%
Fell
64%
roommates
64%
slow
64%
some
64%
hallway
62%
Bardot
61%
Okay
61%
up
61%
Well
60%
face
57%
sit
56%
Guess
55%
burnt
54%
choked
52%
new
52%
Brigitte
50%
No matching quizzes found
Score Distribution
Percent of People with Each Score
Percentile by Number Answered
Your Score History
You have not taken this quiz